Sept tragédies d'Euripide / (Record no. 61336)

MARC details
000 -LEADER
campo de control de longitud fija 00680nam a2200205 i 4500
001 - NÚMERO DE CONTROL
campo de control 61336
003 - IDENTIFICADOR DE NÚMERO DE CONTROL
campo de control ES-MaACL
005 - FECHA Y HORA DE LA ÚLTIMA TRANSACCIÓN
campo de control 20251109132632.0
007 - CAMPO FIJO DE DESCRIPCIÓN FÍSICA--INFORMACIÓN GENERAL
campo de control de longitud fija t|
008 - DATOS DE LONGITUD FIJA--INFORMACIÓN GENERAL
campo de control de longitud fija 031111s1905 fr ||||1| fre d
100 1# - ENTRADA PRINCIPAL--NOMBRE DE PERSONA
Nombre de persona Eurípides.
9 (RLIN) 48332
245 10 - MENCIÓN DEL TÍTULO
Título Sept tragédies d'Euripide /
Mención de responsabilidad, etc. texte grec, recension nouvelle, avec un commentaire critique et explicatif, une introduction et des notices par Henri Weil.
250 ## - MENCION DE EDICION
Mención de edición 3eme ed. rem.
260 ## - PUBLICACIÓN, DISTRIBUCIÓN, ETC.
Lugar de publicación, distribución, etc. París :
Nombre del editor, distribuidor, etc. [s.n.,
Fecha de publicación, distribución, etc. 1905] (
Fabricante Lahure)
300 ## - DESCRIPCIÓN FÍSICA
Extensión XXXVI, 805 p. ;
Dimensiones 24 cm.
500 ## - NOTA GENERAL
Nota general Tít. en caracteres griegos.
700 1# - ENTRADA AGREGADA--NOMBRE PERSONAL
Nombre de persona Weil, Henri,
Fechas asociadas al nombre 1818-1909
9 (RLIN) 116333
852 ## - LOCALIZACIÓN
Ubicación ES-MaACL
Número de control de estantería F-11786
Holdings
Estatus retirado Estado de pérdida Estado de daño No para préstamo Biblioteca de origen Biblioteca actual Ubicación en estantería Fecha de adquisición Fuente de adquisición Total de préstamos Signatura topográfica completa Código de barras Visto por última vez Precio de reemplazo Tipo de ítem Koha
        Biblioteca del Ateneo de Madrid Biblioteca del Ateneo de Madrid Sala Pecera Planta 2 17/01/2008     F-11786 1064318 23/02/2023 23/02/2023 Libro impreso